Obras de Alonso Jerónimo de Salas Barbadillo / (Record no. 137062)

MARC details
000 -LEADER
campo de control de longitud fija 01164nam a2200277 4500
001 - NÚMERO DE CONTROL
campo de control 137062
003 - IDENTIFICADOR DE NÚMERO DE CONTROL
campo de control ES-MaACL
005 - FECHA Y HORA DE LA ÚLTIMA TRANSACCIÓN
campo de control 20250930063123.0
007 - CAMPO FIJO DE DESCRIPCIÓN FÍSICA--INFORMACIÓN GENERAL
campo de control de longitud fija t|
008 - DATOS DE LONGITUD FIJA--INFORMACIÓN GENERAL
campo de control de longitud fija 070214m19071909sp r ||||1| spa d
100 1# - ENTRADA PRINCIPAL--NOMBRE DE PERSONA
Nombre de persona Salas Barbadillo, Alonso Jerónimo de,
Fechas asociadas al nombre 1581-1635
9 (RLIN) 101754
245 10 - MENCIÓN DEL TÍTULO
Título Obras de Alonso Jerónimo de Salas Barbadillo /
Mención de responsabilidad, etc. con la vida y obras del autor por don Emilio Cotarelo y Mori.
260 ## - PUBLICACIÓN, DISTRIBUCIÓN, ETC.
Lugar de publicación, distribución, etc. Madrid :
Nombre del editor, distribuidor, etc. [s.n.],
Fecha de publicación, distribución, etc. 1907-1909 (
Fabricante Tip. de la "Revista de Archivos")
300 ## - DESCRIPCIÓN FÍSICA
Extensión 2 v. ;
Dimensiones 17 x 10 cm.
490 1# - MENCIÓN DE SERIE
Mención de serie Colección de escritores castellanos ;
Designación de volumen o secuencia 128, 139
505 8# - NOTA DE CONTENIDO CON FORMATO
Nota de contenido con formato Contiene: I. Corrección de vicios y La sabia Flora Malsabidilla - II. El caballero puntual y Los prodigios del amor.
600 14 - PUNTO DE ACCESO ADICIONAL DE MATERIA--NOMBRE DE PERSONA
Nombre de persona Salas Barbadillo, Alonso Jerónimo de,
Fechas asociadas al nombre 1581-1635
9 (RLIN) 101754
700 1# - ENTRADA AGREGADA--NOMBRE PERSONAL
Nombre de persona Cotarelo y Mori, Emilio,
Fechas asociadas al nombre 1857-1936
9 (RLIN) 41168
740 02 - ENTRADA AGREGADA--TÍTULO RELACIONADO/ANALÍTICO NO CONTROLADO
Título relacionado o analítico no controlado Corrección de vicios.
740 32 - ENTRADA AGREGADA--TÍTULO RELACIONADO/ANALÍTICO NO CONTROLADO
Título relacionado o analítico no controlado La sabia Flora Malsabidilla.
740 32 - ENTRADA AGREGADA--TÍTULO RELACIONADO/ANALÍTICO NO CONTROLADO
Título relacionado o analítico no controlado El caballero puntual.
740 42 - ENTRADA AGREGADA--TÍTULO RELACIONADO/ANALÍTICO NO CONTROLADO
Título relacionado o analítico no controlado Los prodigios del amor.
830 1# - PUNTO DE ACCESO ADICIONAL DE SERIE-TÍTULO UNIFORME
Título uniforme Colección de escritores castellanos ;
Designación de volumen o secuencia 128, 139
9 (RLIN) 180741
852 4# - LOCALIZACIÓN
Ubicación ES-MaACL
Número de control de estantería F-12679-80
Holdings
Estatus retirado Estado de pérdida Estado de daño No para préstamo Biblioteca de origen Biblioteca actual Ubicación en estantería Fecha de adquisición Fuente de adquisición Total de préstamos Signatura topográfica completa Código de barras Visto por última vez Precio de reemplazo Tipo de ítem Koha
        Biblioteca del Ateneo de Madrid Biblioteca del Ateneo de Madrid Sala Pecera Planta 2 17/01/2008     F-12679-80 1142635 23/02/2023 23/02/2023 Libro impreso